[Event "C.to Provinciale MI"]
[Site "Milano ITA"]
[Date "2015.01.25"]
[Round "3"]
[White "Podetti, Davide"]
[Black "Pelizzola, Danilo"]
[WhiteElo "1976"]
[BlackElo "2053"]
[Result "1-0"]
[PlyCount "111"]
[EventDate "2015.01.24"]

1. e4 e5 2. Nc3 Nf6 3. Bc4 Nc6 4. d3 Bc5 5. Nf3 d6 6. Be3 Bb6 7. Qd2 Be6 8. Bb3
Bxb3 9. axb3 Bxe3 10. fxe3 d5 11. exd5 Nxd5 12. Nxd5 Qxd5 13. e4 Qd6 14. O-O
O-O 15. Nh4 Nd4 16. Rae1 Qe7 17. Nf5 Nxf5 18. Rxf5 c5 19. Qc3 Rae8 20. Ra1 a6
21. Raf1 Qd6 22. Qc4 Qd4+ 23. Kh1 Qxc4 24. bxc4 Re6 25. g4 g6 26. Rf6 Rxf6 27.
Rxf6 Rd8 28. Kg2 Kf8 29. Kf2 Ke7 30. Rb6 Rd7 31. Kg3 Kf8 32. h4 Rc7 33. Kf2 Ke7
34. Ke3 Rd7 35. Kd2 Kd8 36. Ke3 Kc7 37. Rf6 Kd8 38. c3 Ke7 39. Rb6 Kd8 40. b4
cxb4 41. cxb4 Kc7 42. Rf6 Kd8 43. Kd2 Ke7 44. g5 Rd6 45. Rf1 f6 46. Kc3 Kf7 47.
c5 Re6 48. Kc4 Kg7 49. Kd5 Rc6 50. Rxf6 Rxf6 51. gxf6+ Kxf6 52. Kd6 g5 53.
hxg5+ Kxg5 54. Kxe5 h5 55. d4 h4 56. d5 1-0

[Event "C.to Provinciale MI"]
[Site "Milano ITA"]
[Date "2015.01.25"]
[Round "3"]
[White "Valdettaro, Filippo"]
[Black "Mazzoccoli, Simone"]
[WhiteElo "1754"]
[BlackElo "1760"]
[Result "1-0"]
[PlyCount "105"]
[EventDate "2015.01.24"]

1. e4 c5 2. d4 cxd4 3. c3 Nf6 4. e5 Nd5 5. Qxd4 e6 6. Nf3 Nc6 7. Qe4 d6 8. Bc4
Nb6 9. Bb3 Qc7 10. exd6 Bxd6 11. O-O Nd7 12. Nbd2 Nf6 13. Qe2 O-O 14. Nc4 Na5
15. Nxa5 Qxa5 16. Rd1 Bc7 17. Bg5 Ng4 18. h3 Nh2 19. Bh4 Qh5 20. Bg3 Bxg3 21.
fxg3 Nxf3+ 22. Qxf3 Qxf3 23. gxf3 b6 24. Kf2 Ba6 25. Rd6 Rfd8 26. Rad1 Rxd6 27.
Rxd6 Kf8 28. Ba4 Rb8 29. Rd7 b5 30. Bc2 b4 31. Rxa7 bxc3 32. bxc3 Rb2 33. Rxa6
Rxc2+ 34. Ke3 Rxc3+ 35. Ke4 Ke7 36. Ra7+ Ke8 37. a4 Rc6 38. a5 Rc3 39. a6 Rc6
40. Ra8+ Ke7 41. a7 Ra6 42. Kd4 Ra1 43. f4 Rd1+ 44. Ke4 Re1+ 45. Kf3 Rf1+ 46.
Kg4 Ra1 47. Rg8 Rxa7 48. Rxg7 Kf8 49. Rg5 f5+ 50. Kh5 Rg7 51. Kh6 Rxg5 52. fxg5
Kg8 53. g6 1-0

[Event "C.to Provinciale MI"]
[Site "Milano ITA"]
[Date "2015.01.31"]
[Round "4"]
[White "Bonghi, Fabrizio"]
[Black "Longo, Giovanni"]
[WhiteElo "1518"]
[BlackElo "1662"]
[Result "1/2-1/2"]
[PlyCount "81"]
[EventDate "2015.01.24"]

1. d4 d5 2. c4 c6 3. e3 Nf6 4. Nf3 e6 5. Be2 Bd6 6. c5 Bc7 7. O-O O-O 8. Ne5
Nbd7 9. f4 Ne4 10. Nd2 Nxd2 11. Bxd2 f6 12. Nf3 Qe7 13. Qc2 e5 14. fxe5 fxe5
15. e4 exd4 16. Bg5 Nf6 17. exd5 cxd5 18. Nxd4 h6 19. Bxf6 Rxf6 20. Bd3 Bg4 21.
Rae1 Rxf1+ 22. Rxf1 Qe3+ 23. Qf2 Qxf2+ 24. Rxf2 Be5 25. Nf5 Bxf5 26. Rxf5 Bd4+
27. Kf1 Rf8 28. Rxf8+ Kxf8 29. b4 Ke7 30. Ke2 Bc3 31. b5 Kd7 32. Bf5+ Kc7 33.
Be6 d4 34. Bd5 Bb4 35. c6 bxc6 36. Bxc6 a6 37. Kd3 axb5 38. Bxb5 Bc5 39. a4 Kd6
40. Ke4 Ke6 41. Bc4+ 1/2-1/2

[Event "C.to Provinciale MI"]
[Site "Milano ITA"]
[Date "2015.01.31"]
[Round "4"]
[White "Carli, Federico"]
[Black "Myftaraj, Ylli"]
[WhiteElo "1671"]
[BlackElo "1542"]
[Result "1/2-1/2"]
[PlyCount "50"]
[EventDate "2015.01.24"]

1. e4 d5 2. exd5 Qxd5 3. Nc3 Qa5 4. d4 Nf6 5. Bc4 Bf5 6. Bd2 c6 7. Qe2 e6 8.
Nf3 Bb4 9. a3 Bxc3 10. Bxc3 Qc7 11. O-O-O Nbd7 12. Ne5 Nxe5 13. dxe5 Nd5 14.
Bd4 b5 15. Bb3 a5 16. g4 Bg6 17. h4 h6 18. Bxd5 exd5 19. f4 Be4 20. Rhe1 O-O-O
21. Qf2 Kb7 22. Bc5 a4 23. Bd6 Qb6 24. Bc5 Qc7 25. Bd6 Qb6 1/2-1/2

[Event "C.to Provinciale MI"]
[Site "Milano ITA"]
[Date "2015.01.31"]
[Round "4"]
[White "Cerioni, Armando"]
[Black "Podetti, Davide"]
[WhiteElo "1923"]
[BlackElo "1976"]
[Result "1-0"]
[PlyCount "57"]
[EventDate "2015.01.24"]

1. d4 Nf6 2. Nf3 e6 3. e3 b6 4. Bd3 Bb7 5. O-O Be7 6. c4 O-O 7. Nc3 d5 8. cxd5
exd5 9. b3 Nbd7 10. Bb2 Re8 11. Rc1 a6 12. Ne2 Bd6 13. Bb1 Ne4 14. Nf4 Qf6 15.
Nd3 Qh6 16. Nde5 Rad8 17. Qc2 Re6 18. g3 f6 19. Nd3 g5 20. Kg2 Nf8 21. h4 g4
22. Nfe1 Rde8 23. Nf4 Bxf4 24. exf4 Nxg3 25. Kxg3 Ng6 26. Ng2 Re2 27. Qxc7 Bc8
28. Qc3 Bd7 29. Rfe1 1-0

[Event "C.to Provinciale MI"]
[Site "Milano ITA"]
[Date "2015.01.31"]
[Round "4"]
[White "Cozzolino, Angelo"]
[Black "Valdettaro, Filippo"]
[WhiteElo "1941"]
[BlackElo "1754"]
[Result "0-1"]
[PlyCount "52"]
[EventDate "2015.01.24"]

1. d4 Nf6 2. c4 c5 3. Nf3 cxd4 4. Nxd4 e5 5. Nb5 d5 6. cxd5 Bc5 7. N5c3 O-O 8.
e3 e4 9. a3 Qe7 10. b3 Rd8 11. b4 Bb6 12. Qb3 Nbd7 13. Nd2 Bc7 14. Bb2 Nb6 15.
Bc4 Bf5 16. h3 Rac8 17. Rd1 Be5 18. a4 a6 19. a5 Bxc3 20. Bxc3 Nbxd5 21. Bxf6
Nxf6 22. O-O Nd7 23. Nb1 Ne5 24. Rxd8+ Rxd8 25. Nc3 Nf3+ 26. Kh1 Nd2 0-1

[Event "C.to Provinciale MI"]
[Site "Milano ITA"]
[Date "2015.01.31"]
[Round "4"]
[White "Dicuonzo, Antonio"]
[Black "Valtemara, Mattia Angelo"]
[WhiteElo "1617"]
[BlackElo "1468"]
[Result "1/2-1/2"]
[PlyCount "102"]
[EventDate "2015.01.24"]

1. e4 e5 2. Nf3 Nc6 3. Bc4 Bc5 4. b4 d5 5. exd5 Nxb4 6. O-O Nxd5 7. Nxe5 Nge7
8. d4 Bb6 9. Ba3 c6 10. Bxe7 Qxe7 11. Re1 Be6 12. c3 O-O 13. Qh5 Kh8 14. Bd3
Nf6 15. Qg5 Nd5 16. Qh5 Nf6 17. Qh4 h6 18. Nd2 Nd5 19. Qe4 Nf6 20. Nxf7+ Qxf7
21. Qxe6 Qxe6 22. Rxe6 Rae8 23. Rae1 Rxe6 24. Rxe6 Re8 25. Rxe8+ Nxe8 26. Nc4
Bc7 27. Kf1 Kg8 28. Ke2 Nd6 29. Nxd6 Bxd6 30. Bg6 Kf8 31. Kd3 Ke7 32. Ke4 Kf6
33. Bh5 g6 34. Be2 a6 35. h3 b5 36. f4 h5 37. g4 hxg4 38. hxg4 Ke6 39. c4 Kf6
40. cxb5 axb5 41. d5 cxd5+ 42. Kxd5 Bxf4 43. Kc5 Ke6 44. Bxb5 Bd6+ 45. Kb6 Ba3
46. Be8 g5 47. Kb5 Kd5 48. Ka4 Bd6 49. Kb3 Kc5 50. a4 Kb6 51. Kc4 Ka5 1/2-1/2

[Event "C.to Provinciale MI"]
[Site "Milano ITA"]
[Date "2015.01.31"]
[Round "4"]
[White "Madaschi, Sergio"]
[Black "Nicolo', Filippo"]
[WhiteElo "1498"]
[BlackElo "2063"]
[Result "0-1"]
[PlyCount "46"]
[EventDate "2015.01.24"]

1. e4 c5 2. Nf3 a6 3. d4 cxd4 4. Nxd4 Nf6 5. Nc3 e5 6. Nf3 Bb4 7. Bd3 d5 8.
exd5 e4 9. Qe2 O-O 10. Bxe4 Nxe4 11. Qxe4 Re8 12. Ne5 Bxc3+ 13. bxc3 Qc7 14.
O-O Qxe5 15. Qxe5 Rxe5 16. c4 Bf5 17. Bb2 Re8 18. Rac1 Nd7 19. Bd4 Rac8 20.
Rfe1 f6 21. Rxe8+ Rxe8 22. c5 Rc8 23. h3 Nxc5 0-1

[Event "C.to Provinciale MI"]
[Site "Milano ITA"]
[Date "2015.01.31"]
[Round "4"]
[White "Mazzoccoli, Simone"]
[Black "Pirovano, Ezio"]
[WhiteElo "1760"]
[BlackElo "1505"]
[Result "1-0"]
[PlyCount "85"]
[EventDate "2015.01.24"]

1. e4 e5 2. Nf3 Nc6 3. d4 exd4 4. Nxd4 Nf6 5. Nxc6 bxc6 6. Bd3 d5 7. exd5 cxd5
8. O-O Be7 9. Nc3 O-O 10. Bf4 Bg4 11. Qd2 Bb4 12. a3 Ba5 13. b4 Bb6 14. Bg5 Bd4
15. Bxh7+ Kxh7 16. Qxd4 Be6 17. f4 c6 18. f5 Bc8 19. Bxf6 Qxf6 20. Qxf6 gxf6
21. Rad1 Ba6 22. b5 Bxb5 23. Nxb5 cxb5 24. Rxd5 Rfc8 25. Rxb5 Rxc2 26. Rb7 Kg7
27. h3 Ra2 28. Rf3 a5 29. Rg3+ Kf8 30. h4 Re2 31. h5 Rd8 32. Rb1 Rd4 33. Rh3
Rg4 34. Rh2 Ree4 35. Rb3 Ref4 36. Rf3 Rh4 37. Rxh4 Rxh4 38. Rb3 Rg4 39. Kh2
Rh4+ 40. Rh3 Rxh3+ 41. Kxh3 Kg7 42. Kg4 a4 43. Kf4 1-0

[Event "C.to Provinciale MI"]
[Site "Milano ITA"]
[Date "2015.01.31"]
[Round "4"]
[White "Pipitone, Filippo Massimo"]
[Black "Pelizzola, Danilo"]
[WhiteElo "1545"]
[BlackElo "2053"]
[Result "0-1"]
[PlyCount "100"]
[EventDate "2015.01.24"]

1. d4 Nf6 2. Nf3 e6 3. c4 b6 4. Nc3 Bb4 5. a3 Bxc3+ 6. bxc3 Bb7 7. e3 d6 8. Bd3
Nbd7 9. O-O O-O 10. Re1 c5 11. d5 e5 12. Qc2 Re8 13. e4 Nf8 14. Bf1 Ng6 15. g3
Bc8 16. h3 Bd7 17. Bg2 Qc8 18. Kh2 Rf8 19. Ng1 Qa6 20. Bf1 Rab8 21. f4 Kh8 22.
f5 Ne7 23. Bg5 Neg8 24. g4 b5 25. Qe2 bxc4 26. Be3 Rb3 27. Bd2 Rb2 28. Nf3 Rfb8
29. g5 Nh5 30. Nh4 g6 31. Qe3 Qa4 32. Be2 Nf4 33. Bd1 Qa5 34. Kg3 Qd8 35. Nf3
gxf5 36. Rh1 Ne7 37. h4 Nfxd5 38. Qe1 f4+ 39. Kh2 Nxc3 40. Rc1 Nb1 41. Kg1 Nxd2
42. Nxd2 Qa5 43. Rh2 Be6 44. h5 c3 45. Nf3 Rxh2 46. Kxh2 Qxa3 47. Qxc3 Rb2+ 48.
Kg1 Qxc3 49. Rxc3 Nc6 50. Ra3 Rb1 0-1

[Event "C.to Provinciale MI"]
[Site "Milano ITA"]
[Date "2015.01.31"]
[Round "4"]
[White "Spelta, Andrea"]
[Black "Maccari, Piergiuseppe"]
[WhiteElo "1746"]
[BlackElo "1714"]
[Result "1-0"]
[PlyCount "21"]
[EventDate "2015.01.24"]

1. Nf3 Nf6 2. g3 g6 3. Bg2 Bg7 4. O-O O-O 5. c4 c5 6. d4 d5 7. cxd5 Nxd5 8.
dxc5 Na6 9. Ne1 Ndb4 10. Qb3 Be6 11. Qa3 {phone default} 1-0

[Event "C.to Provinciale MI"]
[Site "Milano ITA"]
[Date "2015.01.31"]
[Round "4"]
[White "Uccelli, Federico"]
[Black "Pedroli, Marco"]
[WhiteElo "1453"]
[BlackElo "1603"]
[Result "1/2-1/2"]
[PlyCount "76"]
[EventDate "2015.01.24"]

1. d4 d5 2. c4 e5 3. dxe5 d4 4. Nf3 Nc6 5. e3 Bb4+ 6. Nbd2 Bg4 7. Be2 d3 8. Bf1
Nxe5 9. Qa4+ Nc6 10. Nd4 Bd7 11. Nxc6 Bxd2+ 12. Bxd2 Bxc6 13. Qb3 Nf6 14. Qxd3
O-O 15. Qxd8 Raxd8 16. f3 Rd7 17. Be2 Rfd8 18. O-O-O a6 19. Bc3 Ne8 20. Rxd7
Rxd7 21. Rd1 Nd6 22. c5 Nb5 23. Rxd7 Bxd7 24. Kd2 Kf8 25. Kd3 Nxc3 26. Kxc3 a5
27. Kd4 Ke7 28. a3 f6 29. f4 b6 30. b4 axb4 31. axb4 bxc5+ 32. Kxc5 Kd8 33. Bc4
Ke7 34. b5 Kd8 35. h4 h6 36. g4 g5 37. hxg5 hxg5 38. Kd5 Ke7 1/2-1/2

[Event "C.to Provinciale MI"]
[Site "Milano ITA"]
[Date "2015.01.31"]
[Round "5"]
[White "Maccari, Piergiuseppe"]
[Black "Fantina, Carla"]
[WhiteElo "1714"]
[BlackElo "1350"]
[Result "1-0"]
[PlyCount "83"]
[EventDate "2015.01.24"]

1. Nf3 Nf6 2. g3 g6 3. Bg2 Bg7 4. O-O O-O 5. d4 d6 6. c4 Nc6 7. Nc3 Rb8 8. e4
Bd7 9. Bf4 h6 10. e5 Nh5 11. exd6 Nxf4 12. dxe7 Nxe7 13. gxf4 Nf5 14. Qd2 c6
15. Rad1 Qc8 16. Rfe1 Nd6 17. b3 Bh3 18. Bxh3 Qxh3 19. Ne5 Rbd8 20. Qd3 Qxd3
21. Rxd3 Nf5 22. Red1 Kh7 23. d5 cxd5 24. Rxd5 Rxd5 25. Rxd5 b6 26. Rd7 a6 27.
Nd5 g5 28. Nxf7 gxf4 29. Nxf4 Re8 30. Kf1 Re4 31. Nd5 Kg6 32. Nd6 Nxd6 33.
Rxd6+ Kf7 34. Rxb6 Rh4 35. Kg2 Be5 36. h3 a5 37. Ra6 Rh5 38. f4 Bd4 39. Rxa5
Kg6 40. Ne7+ Kf6 41. Rxh5 Kxe7 42. Rxh6 1-0

[Event "C.to Provinciale MI"]
[Site "Milano ITA"]
[Date "2015.01.31"]
[Round "5"]
[White "Madaschi, Sergio"]
[Black "Izzo, Riccardo"]
[WhiteElo "1498"]
[BlackElo "1647"]
[Result "0-1"]
[PlyCount "106"]
[EventDate "2015.01.24"]

1. e4 e5 2. Nf3 Nc6 3. Bb5 a6 4. Ba4 Nf6 5. O-O b5 6. Bb3 Be7 7. c3 O-O 8. Re1
d6 9. h3 Na5 10. Bc2 c5 11. d4 Qc7 12. Nbd2 Rd8 13. Nf1 Bb7 14. Ng3 Rac8 15. d5
b4 16. Nf5 Nc4 17. Bd3 Nb6 18. c4 a5 19. Bg5 h6 20. Nxe7+ Qxe7 21. Bh4 Ba6 22.
b3 a4 23. Qe2 Ra8 24. Nh2 Bc8 25. Qf3 Ra7 26. Bxf6 Qxf6 27. Qxf6 gxf6 28. Bc2
Bd7 29. Rf1 Rda8 30. f4 axb3 31. Bxb3 Na4 32. fxe5 fxe5 33. Rf6 Nc3 34. Rxd6
Nxe4 35. Rxh6 Nc3 36. Re1 Kg7 37. Rd6 f6 38. Re3 Rf8 39. Nf3 Kf7 40. Ne1 Ke7
41. Rb6 Nxa2 42. Nd3 Rc8 43. Bxa2 Rxa2 44. Nf4 Rg8 45. g4 Bxg4 46. d6+ Kd7 47.
Rb7+ Kc6 48. Rc7+ Kxd6 49. Nd5 Be6+ 50. Kf1 Ra1+ 51. Kf2 Ra2+ 52. Re2 Rxe2+ 53.
Kxe2 Bxd5 0-1

[Event "C.to Provinciale MI"]
[Site "Milano ITA"]
[Date "2015.01.31"]
[Round "5"]
[White "Mazzoccoli, Simone"]
[Black "Spelta, Andrea"]
[WhiteElo "1760"]
[BlackElo "1746"]
[Result "1/2-1/2"]
[PlyCount "28"]
[EventDate "2015.01.24"]

1. e4 e6 2. d4 d5 3. e5 c5 4. c3 Nc6 5. Nf3 Qb6 6. Be2 cxd4 7. cxd4 Nh6 8. Nc3
Nf5 9. Na4 Qa5+ 10. Bd2 Bb4 11. Bc3 b5 12. a3 Bxc3+ 13. Nxc3 a6 14. g4 Nfe7
1/2-1/2

[Event "C.to Provinciale MI"]
[Site "Milano ITA"]
[Date "2015.01.31"]
[Round "5"]
[White "Myftaraj, Ylli"]
[Black "Pedroli, Marco"]
[WhiteElo "1542"]
[BlackElo "1603"]
[Result "1-0"]
[PlyCount "85"]
[EventDate "2015.01.24"]

1. d4 d5 2. Nf3 Nf6 3. c4 e6 4. Nc3 Nc6 5. e3 Bb4 6. Qc2 Ne4 7. Bd3 Nf6 8. a3
Bf8 9. O-O g6 10. cxd5 exd5 11. Re1 Bg7 12. b4 O-O 13. Bb2 Ne7 14. Rac1 c6 15.
b5 Bf5 16. a4 Rc8 17. Bxf5 Nxf5 18. bxc6 Rxc6 19. Qb3 Rb6 20. Qa2 Nd6 21. Ba3
Nc4 22. Bxf8 Rb2 23. Qa1 Bxf8 24. Ne5 Rb6 25. Rb1 Bb4 26. Nd3 Bxc3 27. Qxc3 Ne4
28. Qa1 Rxb1 29. Qxb1 b6 30. Qb5 Qg5 31. Nf4 Nf6 32. Qc6 Kg7 33. Qb7 Qf5 34. h3
g5 35. g4 Nxg4 36. Qxd5 Qxd5 37. Nxd5 Nf6 38. Nc3 a6 39. Rc1 Nd6 40. Ne2 b5 41.
Rc6 Nc4 42. Rxa6 bxa4 43. Rxa4 1-0

[Event "C.to Provinciale MI"]
[Site "Milano ITA"]
[Date "2015.01.31"]
[Round "5"]
[White "Nicolo', Filippo"]
[Black "Podetti, Davide"]
[WhiteElo "2063"]
[BlackElo "1976"]
[Result "0-1"]
[PlyCount "75"]
[EventDate "2015.01.24"]

1. e4 e5 2. Bc4 Nc6 3. Nf3 Nf6 4. d4 exd4 5. Ng5 d5 6. exd5 Qe7+ 7. Be2 Nxd5 8.
O-O h6 9. Nf3 Bg4 10. c4 Nf6 11. Nxd4 Rd8 12. Nxc6 bxc6 13. Bxg4 Rxd1 14. Bxd1
Qd7 15. Bf3 Be7 16. Nc3 O-O 17. Be3 Qe6 18. Rac1 Ng4 19. Bxa7 Ne5 20. Be4 f5
21. Bb1 f4 22. f3 c5 23. Rfe1 Qxc4 24. Ne2 Qa6 25. Bxc5 Bxc5+ 26. Rxc5 Qa7 27.
b4 Nd7 28. Rec1 Nxc5 29. bxc5 Qa3 30. Kf1 Re8 31. Rc3 Qb2 32. Be4 Qxa2 33. Rc2
Qa6 34. Kf2 Qa4 35. Rd2 Qb4 36. Rd5 Rxe4 37. fxe4 Qxe4 38. Rd3 0-1

[Event "C.to Provinciale MI"]
[Site "Milano ITA"]
[Date "2015.01.31"]
[Round "5"]
[White "Pelizzola, Danilo"]
[Black "Dicuonzo, Antonio"]
[WhiteElo "2053"]
[BlackElo "1617"]
[Result "1-0"]
[PlyCount "97"]
[EventDate "2015.01.24"]

1. e4 c5 2. Nf3 d6 3. Bb5+ Bd7 4. Bxd7+ Qxd7 5. O-O Nc6 6. Nc3 Nf6 7. b3 e6 8.
Bb2 Be7 9. d4 cxd4 10. Nxd4 O-O 11. Re1 Rfd8 12. Qd3 a6 13. Na4 Qc7 14. c4 Ne5
15. Qe2 Rac8 16. Rac1 Ned7 17. Rcd1 Nc5 18. Nc3 Bf8 19. h3 Re8 20. Qd2 Rcd8 21.
Qc1 d5 22. exd5 exd5 23. Rxe8 Rxe8 24. Nxd5 Nxd5 25. cxd5 Qe5 26. Ne6 Qd6 27.
Nxc5 Qxc5 28. Qxc5 Bxc5 29. Kf1 f6 30. Bd4 Bd6 31. Rc1 Kf7 32. Bc5 Rc8 33. Be3
Rxc1+ 34. Bxc1 Ke7 35. Ke2 Bc5 36. Bf4 g5 37. Bg3 h5 38. f3 f5 39. Kd3 f4 40.
Be1 Kf6 41. Ke4 Bd6 42. Bc3+ Kg6 43. Ba5 Kf6 44. Bb6 Kg6 45. Bd8 h4 46. Ba5 Kf6
47. Bb6 Kf7 48. Kf5 Be7 49. Bc7 1-0

[Event "C.to Provinciale MI"]
[Site "Milano ITA"]
[Date "2015.01.31"]
[Round "5"]
[White "Pipitone, Filippo Massimo"]
[Black "Bonghi, Fabrizio"]
[WhiteElo "1545"]
[BlackElo "1518"]
[Result "0-1"]
[PlyCount "64"]
[EventDate "2015.01.24"]

1. d4 f5 2. g3 e6 3. Bg2 d5 4. Nf3 Nf6 5. O-O Be7 6. e3 O-O 7. Nbd2 Kh8 8. Ne5
Nbd7 9. Ndf3 Ne4 10. Qe2 Ndf6 11. c4 c6 12. a3 a5 13. Nd2 c5 14. Ndf3 Qc7 15.
cxd5 Nxd5 16. dxc5 Nxc5 17. Qc2 b6 18. Rd1 Ba6 19. Bd2 Bf6 20. Bc3 Rfc8 21.
Rac1 Ne4 22. Nd3 Nexc3 23. bxc3 Nxc3 24. Rd2 Bb7 25. Nd4 Bxg2 26. Kxg2 Bxd4 27.
exd4 Qb7+ 28. f3 Nd5 29. Qb2 Ne3+ 30. Kf2 Nc4 31. Rdc2 Nxb2 32. Rxc8+ Rxc8 0-1

[Event "C.to Provinciale MI"]
[Site "Milano ITA"]
[Date "2015.01.31"]
[Round "5"]
[White "Pirovano, Ezio"]
[Black "Carli, Federico"]
[WhiteElo "1505"]
[BlackElo "1671"]
[Result "0-1"]
[PlyCount "66"]
[EventDate "2015.01.24"]

1. e4 e5 2. Nf3 Nc6 3. Bb5 a6 4. Ba4 Nf6 5. O-O Be7 6. Re1 b5 7. Bb3 O-O 8. c3
d6 9. h3 Na5 10. Bc2 c5 11. d4 cxd4 12. cxd4 Bb7 13. Nbd2 Rc8 14. Nf1 Qc7 15.
Bd3 Nd7 16. Ng3 exd4 17. Nxd4 Bf6 18. Ndf5 Nc5 19. Bf1 Nc4 20. Qg4 Ne5 21. Qd1
Rfd8 22. f4 Ng6 23. Nh5 Nxe4 24. Nxf6+ Nxf6 25. Bd2 Qc5+ 26. Ne3 Nxf4 27. Rc1
Qb6 28. Bc3 N6d5 29. Bd4 Rxc1 30. Nxd5 Rxd1 31. Nf6+ gxf6 32. Bxb6 Rxe1 33.
Bxd8 Kg7 0-1

[Event "C.to Provinciale MI"]
[Site "Milano ITA"]
[Date "2015.01.31"]
[Round "5"]
[White "Valdettaro, Filippo"]
[Black "Cerioni, Armando"]
[WhiteElo "1754"]
[BlackElo "1923"]
[Result "1-0"]
[PlyCount "63"]
[EventDate "2015.01.24"]

1. e4 c5 2. d4 cxd4 3. c3 dxc3 4. Nxc3 e6 5. Nf3 a6 6. Bc4 b5 7. Bb3 Bb7 8. O-O
b4 9. Nd5 Ne7 10. Nxe7 Bxe7 11. Bf4 O-O 12. Qe2 Qa5 13. Rac1 Nc6 14. Rfd1 Rfd8
15. e5 g6 16. Rd3 Bf8 17. Rcd1 Qc7 18. Qd2 Ne7 19. Bg5 Bxf3 20. Rxf3 Qxe5 21.
Bf6 Qh5 22. Qxb4 Nd5 23. Qd4 Rdc8 24. Rh3 Qf5 25. Rf3 Qh5 26. g4 Qh6 27. g5 Qh5
28. Bxd5 exd5 29. Kg2 Rc4 30. Qxd5 Rg4+ 31. Kh1 Rc8 32. Be5 1-0

[Event "C.to Provinciale MI"]
[Site "Milano ITA"]
[Date "2015.02.01"]
[Round "6"]
[White "Bonghi, Fabrizio"]
[Black "Uccelli, Federico"]
[WhiteElo "1518"]
[BlackElo "1453"]
[Result "0-1"]
[PlyCount "60"]
[EventDate "2015.01.24"]

1. c4 e5 2. d3 Nc6 3. Nf3 Nf6 4. e4 Bc5 5. Be2 d6 6. O-O Bg4 7. Nc3 h6 8. Nd5
Nxd5 9. exd5 Bxf3 10. Bxf3 Nd4 11. Be3 Qf6 12. Be4 O-O 13. Kh1 Qh4 14. g3 Qe7
15. Qd2 f5 16. Bxd4 Bxd4 17. Bg2 f4 18. Be4 Qg5 19. Qe2 Rf6 20. Rab1 h5 21. Rg1
Raf8 22. g4 f3 23. Qf1 hxg4 24. Rg3 Rh6 25. Qg1 Rh4 26. Bxf3 Rf4 27. b3 Qf5 28.
Be4 Qf6 29. Qd1 Rxf2 30. Rxg4 Rfxh2# 0-1

[Event "C.to Provinciale MI"]
[Site "Milano ITA"]
[Date "2015.02.01"]
[Round "6"]
[White "Carli, Federico"]
[Black "Maccari, Piergiuseppe"]
[WhiteElo "1671"]
[BlackElo "1714"]
[Result "1/2-1/2"]
[PlyCount "33"]
[EventDate "2015.01.24"]

1. e4 c5 2. c3 Nf6 3. e5 Nd5 4. d4 cxd4 5. cxd4 Nc6 6. Nf3 d6 7. Bc4 dxe5 8.
Nxe5 e6 9. Qf3 Bb4+ 10. Bd2 O-O 11. Nxc6 bxc6 12. O-O Qb6 13. Rd1 Ba6 14. Bxa6
Qxa6 15. Bxb4 Nxb4 16. Nc3 Rad8 17. Rac1 1/2-1/2

[Event "C.to Provinciale MI"]
[Site "Milano ITA"]
[Date "2015.02.01"]
[Round "6"]
[White "Cozzolino, Angelo"]
[Black "Myftaraj, Ylli"]
[WhiteElo "1941"]
[BlackElo "1542"]
[Result "1-0"]
[PlyCount "73"]
[EventDate "2015.01.24"]

1. d4 d5 2. c4 c6 3. Nf3 Nf6 4. e3 g6 5. Nc3 Bg7 6. Be2 O-O 7. O-O dxc4 8. Bxc4
Nbd7 9. a4 Nb6 10. Bb3 Nbd5 11. Qe2 b6 12. e4 Nxc3 13. bxc3 Bb7 14. e5 Nd5 15.
c4 Nc7 16. Ba3 Re8 17. Rfd1 e6 18. Bd6 Bf8 19. c5 Nd5 20. Qd2 Kg7 21. Ng5 h6
22. Ne4 Be7 23. Bxe7 Qxe7 24. Nd6 Reb8 25. Bxd5 cxd5 26. cxb6 axb6 27. Qb4 Kf8
28. Qxb6 Bc8 29. Qc5 Qa7 30. Qa3 Qe7 31. Rd3 Bd7 32. a5 Be8 33. h3 Kg8 34. a6
Qa7 35. Qc5 Qb6 36. Nxe8 Qxc5 37. Nf6+ 1-0

[Event "C.to Provinciale MI"]
[Site "Milano ITA"]
[Date "2015.02.01"]
[Round "6"]
[White "Dicuonzo, Antonio"]
[Black "Fantina, Carla"]
[WhiteElo "1617"]
[BlackElo "1350"]
[Result "1-0"]
[PlyCount "35"]
[EventDate "2015.01.24"]

1. e4 d6 2. d4 Nf6 3. Nc3 g6 4. Be2 Bg7 5. h4 O-O 6. h5 h6 7. hxg6 fxg6 8. Bxh6
Bxh6 9. Rxh6 Kg7 10. Qd2 Ng4 11. Bxg4 Bxg4 12. Qg5 Rf6 13. Nd5 e6 14. Nxf6 Qxf6
15. Qxf6+ Kxf6 16. Rh1 Nd7 17. f3 Nb6 18. fxg4 1-0

[Event "C.to Provinciale MI"]
[Site "Milano ITA"]
[Date "2015.02.01"]
[Round "6"]
[White "Izzo, Riccardo"]
[Black "Nicolo', Filippo"]
[WhiteElo "1647"]
[BlackElo "2063"]
[Result "1/2-1/2"]
[PlyCount "36"]
[EventDate "2015.01.24"]

1. d4 e6 2. c4 f5 3. Nf3 Nf6 4. Bg5 h6 5. Bxf6 Qxf6 6. e3 b6 7. Ne5 Bb4+ 8. Nc3
Bxc3+ 9. bxc3 O-O 10. Be2 Bb7 11. Bf3 Be4 12. O-O d6 13. Nd3 Nd7 14. Bxe4 fxe4
15. Nf4 g5 16. Qg4 Kf7 17. Qh5+ Kg7 18. Qg4 Kf7 1/2-1/2

[Event "C.to Provinciale MI"]
[Site "Milano ITA"]
[Date "2015.02.01"]
[Round "6"]
[White "Longo, Giovanni"]
[Black "Pirovano, Ezio"]
[WhiteElo "1662"]
[BlackElo "1505"]
[Result "1-0"]
[PlyCount "122"]
[EventDate "2015.01.24"]

1. e4 e5 2. Nf3 Nc6 3. Be2 Nf6 4. Nc3 Bb4 5. d3 O-O 6. O-O Bxc3 7. bxc3 d5 8.
exd5 Nxd5 9. Bb2 Nf4 10. Re1 Nxe2+ 11. Qxe2 Re8 12. h3 Bf5 13. Rad1 Qe7 14. Nd2
Rad8 15. Ne4 Bg6 16. f3 f5 17. Nd2 Qc5+ 18. Qe3 Qxe3+ 19. Rxe3 Bf7 20. a3 Rd5
21. Rde1 b5 22. Ba1 Rdd8 23. Rb1 a6 24. Kf2 Re6 25. Nb3 Rd5 26. Rbe1 a5 27. Nd2
Rdd6 28. c4 Nd4 29. Bxd4 exd4 30. Rxe6 Bxe6 31. cxb5 Kf7 32. Re5 a4 33. Rc5 Rd7
34. Nc4 Bxc4 35. Rxc4 Ke6 36. Rxa4 Rd5 37. Rb4 Rc5 38. Rb2 Kd7 39. Ke2 c6 40.
b6 Rb5 41. Rxb5 cxb5 42. b7 Kc7 43. b8=Q+ Kxb8 44. Kd2 Kc7 45. c3 dxc3+ 46.
Kxc3 Kc6 47. Kb4 g5 48. g3 h5 49. d4 g4 50. hxg4 f4 51. gxf4 h4 52. g5 h3 53.
g6 h2 54. g7 h1=Q 55. g8=Q Qe1+ 56. Kb3 Qb1+ 57. Kc3 Qc1+ 58. Kd3 Qd1+ 59. Ke4
Qc2+ 60. Ke5 Qe2+ 61. Kf6 Qxf3 1-0

[Event "C.to Provinciale MI"]
[Site "Milano ITA"]
[Date "2015.02.01"]
[Round "6"]
[White "Pedroli, Marco"]
[Black "Pipitone, Filippo Massimo"]
[WhiteElo "1603"]
[BlackElo "1545"]
[Result "0-1"]
[PlyCount "82"]
[EventDate "2015.01.24"]

1. e4 c5 2. Nf3 e6 3. d3 Nc6 4. c3 g6 5. g3 Bg7 6. Bg2 Nge7 7. O-O O-O 8. Re1
d6 9. Be3 e5 10. Qd2 Rb8 11. Bh6 b5 12. Bxg7 Kxg7 13. h4 Qb6 14. Kh2 h6 15. Na3
a6 16. Nc2 Bg4 17. Ne3 Be6 18. Bh3 Ng8 19. Nc2 Rbd8 20. d4 Bxh3 21. Kxh3 f5 22.
Kg2 fxe4 23. Rxe4 Nf6 24. Re2 cxd4 25. cxd4 e4 26. Nh2 d5 27. Nf1 Qa7 28. Nfe3
Qd7 29. Rd1 Rf7 30. a3 Rdf8 31. Rf1 Qd6 32. Nb4 Nxb4 33. Qxb4 Qe6 34. Qe1 Ng4
35. Nxg4 Qxg4 36. Re3 Rf3 37. Qe2 Qh5 38. Kh2 g5 39. Rxf3 Rxf3 40. Rg1 Kh7 41.
Kg2 Rxg3+ 0-1

[Event "C.to Provinciale MI"]
[Site "Milano ITA"]
[Date "2015.02.01"]
[Round "6"]
[White "Pelizzola, Danilo"]
[Black "Mazzoccoli, Simone"]
[WhiteElo "2053"]
[BlackElo "1760"]
[Result "1-0"]
[PlyCount "97"]
[EventDate "2015.01.24"]

1. e4 c5 2. Nf3 Nc6 3. d4 cxd4 4. Nxd4 g6 5. c4 Bg7 6. Be3 Nf6 7. Nc3 O-O 8.
Be2 d6 9. O-O Bd7 10. Rc1 Nxd4 11. Bxd4 Bc6 12. Qd3 a5 13. a4 Nd7 14. Bxg7 Kxg7
15. b3 Qb6 16. Nd5 Bxd5 17. exd5 Nc5 18. Qd4+ Kg8 19. Bd1 Rfe8 20. Qh4 Nxb3 21.
Bxb3 Qxb3 22. Rb1 Qxa4 23. Rxb7 Rab8 24. Rxb8 Rxb8 25. Qxe7 Qb4 26. g3 Qb6 27.
h4 Qd8 28. Qxd8+ Rxd8 29. Ra1 Ra8 30. Ra4 Kf8 31. Kg2 Ke7 32. Kf3 f6 33. Ke4
Rc8 34. Rxa5 Rxc4+ 35. Kd3 Rc7 36. Ra8 f5 37. Rh8 Kf6 38. Re8 h6 39. Re6+ Kg7
40. Rxd6 g5 41. h5 Rc1 42. Rg6+ Kf7 43. d6 Ke8 44. Rxh6 Kd7 45. Rg6 g4 46. h6
Rh1 47. Kd4 f4 48. gxf4 Rh5 49. Ke4 1-0